000 00535nam a2200193Ia 4500
005 20250326144400.0
008 250326s9999 xx 000 0 und d
037 _aTextbook
040 _aFMSL
_beng
_cFMSL
041 _aeng
_2eng
084 _aX:89M P8
_qFMSL
100 _aAndersen B
_9737584
245 0 _aMapping work processes
_cAndersen B; Fagerhaug T And Others
250 _a2
260 _aUSA
_bUSA, ASQ Quality
_c2008
365 _b2274.3000000000002
942 _cTB
_hX:89M P8
999 _c1303504
_d1303504